Wheater’s basic pathology; A text, Atlas and review of Histopathology (Record no. 37028)
[ view plain ]
| 000 -LEADER | |
|---|---|
| fixed length control field | 00490nam a2200193Ia 4500 |
| 020 ## - INTERNATIONAL STANDARD BOOK NUMBER | |
| ISBN | 9780443068027 |
| 050 ## - CALL MARK | |
| Classification number | RB 111 .Y68/ |
| 100 ## - STATEMENT OF RESPONSIBILITY--MAIN AUTHOR NAME | |
| Personal name | Barbara Young |
| 245 #0 - TITLE STATEMENT | |
| Title | Wheater’s basic pathology; A text, Atlas and review of Histopathology |
| 250 ## - EDITION / VOLUME STATEMENT | |
| Edition / Volume statement | 5th ed |
| 260 ## - PUBLICATION, DISTRIBUTION, ETC. (IMPRINT) | |
| Place of publication | Churchhill livingstone |
| 260 ## - PUBLICATION, DISTRIBUTION, ETC. (IMPRINT) | |
| Name of publisher | Elsevier |
| 260 ## - PUBLICATION, DISTRIBUTION, ETC. (IMPRINT) | |
| Year of publication | 2005 |
| 300 ## - PHYSICAL DESCRIPTION | |
| Number of Pages | 337 p |
| 650 ## - SUBJECT ADDED ENTRY--TOPICAL TERM | |
| Topical Term | Pathology. |
| 942 ## - ADDED ENTRY ELEMENTS (KOHA) | |
| Koha item type | Books |
| Withdrawn status | Lost status | Source of classification or shelving scheme | Damaged status | Not for loan | Permanent Location | Current Location | Shelving location | Date acquired | Accession Number | Price effective from | Koha item type |
|---|---|---|---|---|---|---|---|---|---|---|---|
| Library of Congress Classification | College of Health Sciences Library | College of Health Sciences Library | Items on shelf | 04/23/2025 | 0193449 | 04/23/2025 | Books |